Statistiques concernant Connaissez-vous vraiment Retour vers le futur ?

Cliquez ici pour prendre le quiz!

Statistiques générales

  • Ce quiz a été pris 74 fois
    (61 depuis la dernière actualisation)
  • Le résultat moyen est 10 sur 16

Statistiques - réponses

HintRéponse% Correct
2
"Nom de {Zeus} !"
98%
Quelle est la voiture utilisée pour voyager dans le temps ?Une De Lorean
88%
Comment s’appelle le chien de Doc en 1985 ?Einstein
86%
En quelle année commence le début de Retour vers le futur 1 ?1985
83%
1"Là où on va, on n’a pas besoin de {route} !"
83%
3“Quitte à voyager à travers le temps au volant d’une voiture, autant en choisir une qui ait d’la {gueule} !”
78%
Qui a réalisé ce film ?Robert Zemeckis
72%
Qui interprète Marty McFly ?Michael J. Fox
66%
Quel est le nom de la ville dans Retour vers le futur ?Hill Valley
62%
5“Lorsque ce petit bolide atteindra 88 miles à l’heure, attends toi à voir quelque chose qui {décoiffe}.”
62%
Comment appelle-t-on ce qui permet de voyager à travers le temps ?Le convecteur temporel
59%
Qui interprète Doc ?Christopher Lloyd
55%
4“Ils n’ont peut être pas de {caleçon} 100% coton dans le futur, et je suis allergique à tous les synthétiques.”
50%
A l'origine, quel devait être l'objet permettant de voyager dans le temps à la place de la voiture ?Un frigo
45%
Quel Oscar a reçu le film ?Oscar du meilleur montage sonore
10%
A quelle heure la foudre s’abat sur l’horloge de l’hôtel de ville le 12 novembre 1955 ?10 heures 04
7%

Distribution des résultats

Percentile par nombre de réponses

% des personnes avec chaque résultat

Votre développement - résultats

Vous n’avez pas pris ce quiz depuis la dernière actualisation